20 zufällige versteckte Länder - Weltkarte - Statistiken

Allgemein
  • Dieses Quiz wurde 216 mal gespielt
    182 seit der letzten Aktualisierung
  • Das Durchschnittsergebnis liegt bei 17 aus 20
Antworten auf der Karte
Die Antworten werden auf der Karte rot bzw. grün angezeigt, abhängig davon wie oft sie richtig erraten wurden.
 
Antwortstatistiken
Country % Korrekt
Algerien
100%
Äquatorial-Guinea
100%
Argentinien
100%
Belarus
100%
Belgien
100%
Brasilien
100%
Chile
100%
China
100%
Dänemark
100%
Deutschland
100%
Dschibuti
100%
Estland
100%
Finnland
100%
Föderierte Staaten von Mikronesien
100%
Frankreich
100%
Griechenland
100%
Haiti
100%
Indien
100%
Indonesien
100%
Irak
100%
Italien
100%
Jemen
100%
Jordanien
100%
Kambodscha
100%
Kanada
100%
Kap Verde
100%
Kolumbien
100%
Kosovo
100%
Kuba
100%
Lesotho
100%
Litauen
100%
Madagaskar
100%
Malta
100%
Marokko
100%
Mexiko
100%
Mongolei
100%
Montenegro
100%
Nepal
100%
Niederlande
100%
Niger
100%
Österreich
100%
Pakistan
100%
Papua-Neuguinea
100%
Paraguay
100%
Peru
100%
Philippinen
100%
Polen
100%
Portugal
100%
Russland
100%
São Tomé und Príncipe
100%
Saudi-Arabien
100%
Schweden
100%
Schweiz
100%
Senegal
100%
Serbien
100%
Seychellen
100%
Slowakei
100%
Slowenien
100%
Spanien
100%
Südafrika
100%
Sudan
100%
Südkorea
100%
Tadschikistan
100%
Tansania
100%
Türkei
100%
Ukraine
100%
Ungarn
100%
Uruguay
100%
Usbekistan
100%
Venezuela
100%
Vereinigte Arabische Emirate
100%
Vereinigtes Königreich
100%
Vereinigte Staaten
100%
Vietnam
100%
Oman
94%
Australien
93%
Panama
93%
Kenia
92%
Laos
92%
Namibia
92%
Nordkorea
92%
Rumänien
92%
Somalia
92%
Sri Lanka
92%
Togo
92%
Tschad
92%
Tschechien
92%
Afghanistan
91%
Aserbaidschan
91%
Kasachstan
91%
Bolivien
90%
Botswana
90%
Island
90%
Mauritius
90%
Äthiopien
89%
Bangladesch
89%
Ghana
89%
Malediven
89%
Norwegen
89%
Ägypten
88%
Honduras
88%
Iran
88%
Myanmar
88%
Zypern
88%
Moldawien
87%
Bulgarien
86%
Guyana
86%
Jamaika
86%
Kiribati
86%
Libyen
86%
Japan
85%
Südsudan
85%
Armenien
83%
Costa Rica
83%
Dominikanische Republik
83%
Guinea
83%
Kamerun
83%
Osttimor
83%
Bahamas
82%
Nicaragua
82%
Palau
82%
Israel
81%
Demokratische Republik Kongo
80%
Ecuador
80%
El Salvador
80%
Eritrea
80%
Fidschi
80%
Guinea-Bissau
80%
Irland
80%
Kroatien
80%
Lettland
80%
Nauru
80%
Neuseeland
80%
Nordmazedonien
80%
Republik Kongo
80%
Syrien
80%
Tunesien
80%
Turkmenistan
80%
Guatemala
78%
Taiwan
78%
Thailand
78%
Uganda
78%
Zentralafrikanische Republik
78%
Albanien
77%
Kirgisistan
77%
Angola
75%
Benin
75%
Gabun
75%
Mosambik
75%
Sambia
75%
Vanuatu
75%
Libanon
73%
Malawi
73%
Mali
73%
Mauretanien
73%
Belize
71%
Bosnien und Herzegowina
71%
Burkina Faso
71%
Burundi
71%
Eswatini
71%
Malaysia
70%
Marshallinseln
70%
Nigeria
70%
Ruanda
70%
Samoa
69%
Elfenbeinküste
67%
Kuwait
67%
Georgien
64%
Komoren
64%
Tonga
64%
Suriname
63%
Bhutan
60%
Sierra Leone
60%
Simbabwe
60%
Salomonen
59%
Katar
58%
Liberia
55%
Tuvalu
55%
Luxemburg
47%
Gambia
0%
Keine übereinstimmenden Quizze gefunden
Verteilung der Resultate
Anzahl Personen mit jedem Resultat
Perzentil nach korrekt beantworteten Fragen
Ihre Resultats-Entwicklung
Sie haben dieses Quiz seit der letzten Aktualisierung nicht gespielt